Elementos de física y química /

Guardado en:
Autor Principal: Miguel, Carlos R.
Formato: Libro
Publicado: Buenos Aires : Troquel, 1983
Edición:25a. ed.
Materias:
Etiquetas: Agregar Etiqueta
Sin Etiquetas, Sea el primero en etiquetar este registro!
LEADER 00811nam a22001935a 4500
001 CEM.cems004408
005 20060216000000.0
008 130507s1983##################000#0#####d
003 CEMS
082 0 4 |a 541 
100 1 |a Miguel, Carlos R. 
245 1 0 |a Elementos de física y química / 
250 |a 25a. ed. 
260 |a Buenos Aires :  |b Troquel,  |c 1983 
300 |a 345 p. 
505 0 |a Sistemas materiales. Estequiometria. Combinaciónes químicas. Termoquímica. Estructura atomica. Sistema periodico. Uniones químicas. Estados de agregación. Cinetica química. Equilibrio de los electrolitos. Reacciónes redox. Pilas. Electrolisis. Metalurgia. Estudio de los elementos 
653 |a Física y química 
653 |a Física y química 3er. año 
859 |a CEMS  |b BIB. CEMS - 11 de abril  |h 541  |i M588a25  |p 13476.85  |t Ej.1